| 000 | 00796nam a2200229 a 4500 | ||
|---|---|---|---|
| 001 | 71131 | ||
| 003 | BD-RjUL | ||
| 005 | 20211209082100.0 | ||
| 008 | 170426s1991 bg ||||| |||| 00| 0 ben d | ||
| 020 | _c : Tk. 50.00 | ||
| 035 | _a(BD-RjUL)71346 | ||
| 040 |
_aBD-RjUL _bben _cBD-RjUL _dBD-RjUL |
||
| 041 | _aben | ||
| 082 |
_223 _a501 _bRAB 1991 |
||
| 100 | 1 | 0 |
_aরশীদ, এ. এম. হারুন অর _9144247 |
| 245 | 1 | 0 |
_aবিজ্ঞান ও দর্শন / _bএ. এম. হারুন অর রশীদ |
| 260 |
_aঢাকা : _bবাংলা একাডেমী, _c১৯৯১ |
||
| 300 |
_a১৪৩ পৃ. ; _c২০ সেমি. |
||
| 650 |
_aবিজ্ঞান--দর্শন _9210458 |
||
| 650 |
_aScience -- philosophy _9120500 |
||
| 942 |
_2ddc _cBK |
||
| 999 |
_c71131 _d71131 |
||